000 00667nam a2200265Ia 4500
005 20260121161444.0
008 008 260114s9999 xx 000 0 eng d
020 _a9781003316381
037 _aEBOOK
040 _aCRL
040 _beng
040 _cCRL
041 _2eng
041 _aeng
084 _qCRL
100 _aMaterials Science to Combat COVID-19
_91045088
245 0 _aNeeraj Dwivedi; Avanish Kumar Srivastava
260 _bTaylor and Francis
260 _c2024
650 _aBiotechnology
_91045089
856 _uhttp://www.taylorfrancis.com/books/9781003316381
942 _cEBOOK
999 _c1610952
_d1610952